00808nam a2200205 a 450000100100000000500170001000800410002702000150006804000250008308200140010810000240012224500800014626001080022630000210033449000220035550000670037783000290044495201120047399900170058500004184220201002035803.0131018s1987 sp 000 0 spa d a8400064763 aDO-SdBNPbspacBNPHU axxxbxxxx1 aRevel, E. J.96872310aNesiga. :b(retraction of word stress) in Tiberian Hebrew. /cE. J. Revell. aMadrid, :bInstituto de FilologíabDepartamento de Filología bíblica y de Oriente Antiguo,c1987. a155 p. ;c27 cm.1 aCardenal Cisneros aIncluye notas y referencias bibliografícas a pie de página 0aCardenal Cisneros968724 001050718MOaGRbGRcCTd2013-10-18iLF1l0oxxx xxxxp41842-10r2020-06-25w2020-06-25y1ZNo se presta c41331d41331